Corporate risk management

Sparad:
Bibliografiska uppgifter
Huvudupphovsman:  Merna, Tony
Materialtyp: Sách
Språk:Undetermined
Publicerad:  John Wiley & Son  2008
Ämnen:
Taggar: Lägg till en tagg
Inga taggar, Lägg till första taggen!
Thư viện lưu trữ: Trung tâm Thư viện - Trường Đại học Công nghiệp TP. Hồ Chí Minh
LEADER 00540nam a2200157Ia 4500
001 UIH_04133
008 231011s9999 xx 000 0 und d
082 |a  658.155 
100 |a  Merna, Tony 
245 0 |a  Corporate risk management 
245 0 |c  Merna, Tony 
260 |b  John Wiley & Son 
260 |c  2008 
650 |a  Quản trị rủi ro; Risk management; Industrial management; Quản lý công nghiệp;  
927 |a Sách 
980 |a Trung tâm Thư viện - Trường Đại học Công nghiệp TP. Hồ Chí Minh